| 000 | 00885nam a22002297a 4500 | ||
|---|---|---|---|
| 999 |
_c20770 _d20770 |
||
| 003 | AR-CdUCM | ||
| 008 | 190605b ||||| |||| 00| 0 spa d | ||
| 040 |
_aMUNICIPALIDAD PROVINCIAL DEL CUSCO _cBIBLIOTECA MUNICIPAL DEL CUSCO |
||
| 082 |
_a613.1 / _bE86 |
||
| 100 |
_aEspinosa Peña, Ines Victoria _943377 |
||
| 245 |
_aEducación ambiental en el distrito de independencia : _b(provincia de Pisco) / |
||
| 260 |
_aPisco : _bTaccsi, _c2010. |
||
| 300 |
_a128 páginas ; _c23 cm. |
||
| 505 | _aContenido : La educación ambiental en las instituciones educativas -- Introducción a la educación ambiental -- Aspecto poblacional... | ||
| 650 |
_aMedio ambiente _97215 |
||
| 650 |
_aProtección _931052 |
||
| 650 |
_aEducación _9460 |
||
| 700 |
_aJimeno Gutierrez, Maria del Carmen _943378 |
||
| 700 |
_aPineda Urbano, Liliana Romula _943379 |
||
| 942 |
_2ddc _cLIBROS |
||
| 945 | _arcc | ||